| 000 | 00453nam a2200169Ia 4500 | ||
|---|---|---|---|
| 003 | GCL | ||
| 008 | 140319s9999 xx 000 0 eng d | ||
| 040 |
_aGCL / _cGCL |
||
| 082 | 0 | 4 |
_a615.6 _bT O |
| 100 | 1 | _aTYLDESLEY, W.R. | |
| 245 | 1 | 0 |
_aDIAGNOSIS PICTURE TESTS IN ORAL MEDICINE / _cTYLDESLEY, W.R. |
| 260 |
_a[S.N] : _bWOLFE MEDICAL PUBLICATION LTD ، _c1991 |
||
| 300 | _a128 | ||
| 650 | 0 | 4 | _aMEDICINE |
| 650 | 0 | 4 | _aORAL MEDICINE |
| 942 |
_2ddc _cBK |
||
| 999 |
_c16728 _d16728 |
||